| 000 | 00505nam a2200193 a 4500 | ||
|---|---|---|---|
| 005 | 20140310183351.0 | ||
| 008 | 070625s19uu xx 00 eng d | ||
| 020 | _a8120724526 | ||
| 050 |
_aRC 662 _b.M44 2006 |
||
| 100 | _aMehta, Deepa | ||
| 245 |
_aSpeaking of diabetes & diet / _cDeepa Mehta. |
||
| 260 |
_aIndia : _bNew Dawn Press, Inc, _c2002. |
||
| 300 |
_a204 p. : _bill. ; _c22 cm. |
||
| 521 | _aNUR | ||
| 650 | _aDiabetes. | ||
| 700 | _aVali, S.A. | ||
| 942 |
_cBK _2lcc _kFOR |
||
| 999 |
_c22087 _d22087 |
||